[Event "CAN-op"]
[Site "Windsor CAN"]
[Date "2016.07.16"]
[Round "8.18"]
[White "Profit, Brian"]
[Black "Talukdar, Rohan"]
[Result "1/2-1/2"]
[WhiteElo "1989"]
[BlackElo "2218"]
[PlyCount "40"]
[EventDate "2016.07.10"]
[EventType "swiss"]
[EventRounds "9"]
[EventCountry "CAN"]

1. d4 Nf6 2. c4 g6 3. Nc3 Bg7 4. e4 d6 5. f3 O-O 6. Be3 Nc6 7. Nge2 a6 8. Qd2
Na5 9. Nc1 Nd7 10. b4 Nc6 11. Rb1 e5 12. d5 Nd4 13. Nb3 Nxb3 14. axb3 f5 15.
exf5 gxf5 16. Be2 Nf6 17. O-O Qe8 18. f4 Ng4 19. Bxg4 fxg4 20. fxe5 Bf5 1/2-1/2

[Event "CAN-op"]
[Site "Windsor CAN"]
[Date "2016.07.17"]
[Round "9.14"]
[White "Talukdar, Rohan"]
[Black "Daniluk, Jim"]
[Result "1-0"]
[WhiteElo "2218"]
[BlackElo "1963"]
[PlyCount "47"]
[EventDate "2016.07.10"]
[EventType "swiss"]
[EventRounds "9"]
[EventCountry "CAN"]

1. e4 c5 2. Nc3 a6 3. f4 b5 4. g3 Bb7 5. Bg2 e6 6. d3 Nf6 7. Nf3 b4 8. Ne2 d5
9. e5 Nfd7 10. O-O Nc6 11. c3 a5 12. Be3 Be7 13. g4 h5 14. gxh5 Rxh5 15. Ng3
Rh7 16. f5 Ndxe5 17. Nxe5 Nxe5 18. Bf4 Nc6 19. fxe6 fxe6 20. Qg4 g5 21. Qxe6
gxf4 22. Nf5 Rf7 23. Bxd5 Rf6 24. Ng7+ 1-0

[Event "CYCC U14"]
[Site "Windsor CAN"]
[Date "2016.07.05"]
[Round "1.21"]
[White "Talukdar, Rohan"]
[Black "Leong, Ryan"]
[Result "1-0"]
[WhiteElo "2223"]
[BlackElo "1616"]
[PlyCount "81"]
[EventDate "2016.07.05"]
[EventType "swiss"]
[EventRounds "7"]
[EventCountry "CAN"]

1. e4 c5 2. Nc3 d6 3. f4 Nc6 4. Nf3 Bg4 5. Be2 e6 6. O-O Nf6 7. h3 Bxf3 8. Bxf3
Be7 9. d3 O-O 10. Ne2 Rc8 11. c3 Qc7 12. Be3 Rfd8 13. Rc1 b6 14. Qc2 Qd7 15.
Qb1 e5 16. d4 exd4 17. cxd4 d5 18. e5 Ne4 19. Bg4 Qb7 20. Bxc8 Qxc8 21. Rfd1
Qa6 22. Nc3 Ng3 23. Kh2 Nh5 24. Qf5 g6 25. Qg4 Ng7 26. Qf3 Nf5 27. Nxd5 Ncxd4
28. Bxd4 cxd4 29. Nxe7+ Nxe7 30. Rc7 Nf5 31. Qb3 Rf8 32. e6 Qe2 33. exf7+ Kg7
34. Qf3 Qxb2 35. Qe4 Qxa2 36. Qe5+ Kh6 37. Qe8 Kg7 38. Rdc1 Rxf7 39. R1c4 Rxc7
40. Rxc7+ Kf6 41. Qe5# 1-0

[Event "CYCC U14"]
[Site "Windsor CAN"]
[Date "2016.07.06"]
[Round "2.20"]
[White "Bu, Kevin"]
[Black "Talukdar, Rohan"]
[Result "1/2-1/2"]
[WhiteElo "1916"]
[BlackElo "2223"]
[PlyCount "29"]
[EventDate "2016.07.05"]
[EventType "swiss"]
[EventRounds "7"]
[EventCountry "CAN"]

1. e4 e6 2. d4 d5 3. exd5 exd5 4. Bd3 c5 5. Qe2+ Be7 6. dxc5 Nf6 7. Nf3 O-O 8.
O-O Bxc5 9. h3 Re8 10. Qd1 Nc6 11. Nc3 Ne4 12. Bxe4 dxe4 13. Qxd8 Nxd8 14. Nd2
e3 15. Nde4 1/2-1/2

[Event "CYCC U14"]
[Site "Windsor CAN"]
[Date "2016.07.06"]
[Round "3.23"]
[White "Liu, Lambert"]
[Black "Talukdar, Rohan"]
[Result "0-1"]
[WhiteElo "1993"]
[BlackElo "2223"]
[PlyCount "66"]
[EventDate "2016.07.05"]
[EventType "swiss"]
[EventRounds "7"]
[EventCountry "CAN"]

1. e4 e6 2. d4 d5 3. Nd2 Nf6 4. e5 Nfd7 5. Bd3 c5 6. c3 Nc6 7. Ngf3 Be7 8. O-O
a5 9. Re1 cxd4 10. cxd4 g5 11. h3 h5 12. g4 hxg4 13. hxg4 Qb6 14. Qa4 Nf8 15.
Qb3 Nb4 16. Bb1 Bd7 17. Nf1 a4 18. Qd1 Bb5 19. Ne3 Qa6 20. Bd2 Nd3 21. Bxd3
Bxd3 22. Ng2 Rg8 23. Qc1 Qb6 24. Bc3 Be4 25. Qe3 Kd7 26. Nd2 Bxg2 27. Kxg2 Ng6
28. Rh1 Nf4+ 29. Kg3 Rh8 30. Nf3 a3 31. b3 Rac8 32. Qd2 Rxh1 33. Rxh1 Rxc3 0-1

[Event "CYCC U14"]
[Site "Windsor CAN"]
[Date "2016.07.07"]
[Round "4.22"]
[White "Talukdar, Rohan"]
[Black "Doknjas, Joshua"]
[Result "1/2-1/2"]
[WhiteElo "2223"]
[BlackElo "2201"]
[PlyCount "51"]
[EventDate "2016.07.05"]
[EventType "swiss"]
[EventRounds "7"]
[EventCountry "CAN"]

1. e4 c5 2. Nc3 a6 3. f4 b5 4. g3 Bb7 5. Bg2 e6 6. d3 d5 7. Qe2 Nc6 8. Nf3 Nd4
9. Nxd4 cxd4 10. Nd1 dxe4 11. dxe4 Rc8 12. O-O Nf6 13. Nf2 Qc7 14. Bd2 Bc5 15.
Nd3 Bb6 16. g4 h5 17. g5 Ng4 18. Rac1 Ne3 19. Bxe3 dxe3 20. c4 Qe7 21. cxb5
axb5 22. Rxc8+ Bxc8 23. Ne5 Qc5 24. g6 fxg6 25. Nxg6 Rh6 26. Ne5 1/2-1/2

[Event "CYCC U14"]
[Site "Windsor CAN"]
[Date "2016.07.07"]
[Round "5.22"]
[White "Gaisinsky, Adam"]
[Black "Talukdar, Rohan"]
[Result "0-1"]
[WhiteElo "1913"]
[BlackElo "2223"]
[PlyCount "132"]
[EventDate "2016.07.05"]
[EventType "swiss"]
[EventRounds "7"]
[EventCountry "CAN"]

1. e4 e6 2. Nc3 d5 3. Nf3 Nf6 4. exd5 exd5 5. d4 Be7 6. Bd3 Bg4 7. h3 Bh5 8.
Bf4 O-O 9. O-O Nc6 10. Be2 Ne4 11. Nd2 Bxe2 12. Nxe2 f5 13. f3 Nf6 14. c3 Nh5
15. Bh2 f4 16. Qb3 Qd7 17. c4 Na5 18. Qc3 Nxc4 19. Nxc4 dxc4 20. Qxc4+ Kh8 21.
Rac1 Bd6 22. Nc3 Ng3 23. Bxg3 fxg3 24. Ne4 Bf4 25. Rcd1 b6 26. Rfe1 Rae8 27. d5
h6 28. Nc3 Be3+ 29. Kh1 Rxf3 30. Qb5 Qc8 31. Qxe8+ Qxe8 32. gxf3 g2+ 33. Kxg2
Qg6+ 34. Kf1 Bc5 35. Ke2 Qg2+ 36. Kd3 Qxf3+ 37. Kc2 Qxh3 38. Kb1 h5 39. Ne4 Qf5
40. Ka1 Bb4 41. Nc3 h4 42. Rh1 g5 43. Rdg1 Bxc3 44. bxc3 Qxd5 45. Rh2 Kh7 46.
Kb2 Kh6 47. Rhh1 Kh5 48. Rd1 Qg2+ 49. Ka1 h3 50. Rhg1 Qf3 51. Kb2 g4 52. Rgf1
Qe2+ 53. Ka1 Kh4 54. Rfe1 Qf3 55. Kb2 h2 56. Rf1 Qe2+ 57. Kb3 g3 58. Rd4+ Kh3
59. Rfd1 Qxd1+ 60. Rxd1 g2 61. Rd3+ Kg4 62. c4 g1=Q 63. c5 h1=Q 64. a4 Qxc5 65.
a5 Qb1+ 66. Ka4 Qxa5# 0-1

[Event "CYCC U14"]
[Site "Windsor CAN"]
[Date "2016.07.08"]
[Round "6.20"]
[White "Talukdar, Rohan"]
[Black "Liang, Hairan"]
[Result "1/2-1/2"]
[WhiteElo "2223"]
[BlackElo "2182"]
[PlyCount "51"]
[EventDate "2016.07.05"]
[EventType "swiss"]
[EventRounds "7"]
[EventCountry "CAN"]

1. e4 c5 2. Nc3 Nc6 3. Bb5 Nd4 4. Bc4 e6 5. Nge2 Nf6 6. O-O a6 7. d3 b5 8. Bb3
Nxb3 9. axb3 Bb7 10. f4 Be7 11. f5 O-O 12. Ng3 d5 13. e5 Nd7 14. Bf4 Bg5 15.
Qg4 Bxf4 16. Qxf4 g5 17. Qd2 Nxe5 18. fxe6 fxe6 19. Qe3 Qd6 20. Qxg5+ Ng6 21.
Nh5 Qe5 22. Qxe5 Nxe5 23. Nf4 Rae8 24. Rae1 Rf5 25. Nce2 Ng6 26. g4 1/2-1/2

[Event "CYCC U14"]
[Site "Windsor CAN"]
[Date "2016.07.08"]
[Round "7.21"]
[White "Li, William"]
[Black "Talukdar, Rohan"]
[Result "1/2-1/2"]
[WhiteElo "2075"]
[BlackElo "2223"]
[PlyCount "78"]
[EventDate "2016.07.05"]
[EventType "swiss"]
[EventRounds "7"]
[EventCountry "CAN"]

1. e4 e6 2. d4 d5 3. Nc3 Bb4 4. Nge2 Nc6 5. a3 Ba5 6. e5 Nge7 7. b4 Bb6 8. Na4
O-O 9. c3 f6 10. f4 Bd7 11. Ng3 fxe5 12. fxe5 Ng6 13. Nxb6 axb6 14. Bd3 Qh4 15.
Qh5 Nxb4 16. Bxg6 Qxh5 17. Nxh5 hxg6 18. cxb4 gxh5 19. Rf1 Rf5 20. Rxf5 exf5
21. h4 Kf7 22. Be3 Ke6 23. Kd2 c5 24. dxc5 Kxe5 25. Kc3 bxc5 26. Bxc5 g6 27.
Re1+ Kf4 28. Bd6+ Kg4 29. g3 Rxa3+ 30. Kd4 Rxg3 31. Bxg3 Kxg3 32. Rg1+ Kxh4 33.
Ke3 d4+ 34. Kf4 g5+ 35. Rxg5 d3 36. Rg2 Kh3 37. Rg3+ Kh2 38. Rxd3 Ba4 39. Rd2+
Kh3 1/2-1/2

[Event "Riedstra mem."]
[Site "Kitchener CAN"]
[Date "2016.03.12"]
[Round "2"]
[White "Talukdar, Rohan"]
[Black "Sambuev, Bator"]
[Result "0-1"]
[WhiteElo "2186"]
[BlackElo "2648"]
[PlyCount "98"]
[EventDate "2016.03.12"]
[EventType "swiss"]
[EventRounds "5"]
[EventCountry "CAN"]

1. e4 e6 2. d4 d5 3. Nc3 Bb4 4. exd5 exd5 5. Bd3 Nc6 6. a3 Bxc3+ 7. bxc3 Nge7
8. Qf3 Be6 9. Rb1 b6 10. Ne2 Qd7 11. h3 O-O-O 12. Ng3 f6 13. Nh5 Nf5 14. O-O
Nce7 15. Re1 Rde8 16. Bb5 c6 17. Ba6+ Kb8 18. g4 Ka8 19. gxf5 Bxf5 20. Bf1 Bxc2
21. Rb2 Be4 22. Qf4 g5 23. Qh2 Ref8 24. Bg2 Bg6 25. Rbe2 Nc8 26. Bf3 Bf5 27.
Bg2 Rf7 28. Ng3 Bd3 29. Re3 Bc4 30. Bf1 f5 31. Re5 f4 32. Nh5 Bxf1 33. Kxf1 h6
34. Qg2 Nd6 35. Qg4 Nf5 36. a4 Qc8 37. Kg1 Nh4 38. Re6 c5 39. Bxf4 Rhf8 40. Kh1
cxd4 41. cxd4 Qc4 42. a5 Nf5 43. Bg3 Nxd4 44. Rxh6 bxa5 45. Rd1 Nf5 46. Qxc4
dxc4 47. Ra6 Rh8 48. Nf6 Rxh3+ 49. Kg2 Rxg3+ 0-1

[Event "CYCC U12"]
[Site "Windsor CAN"]
[Date "2015.07.06"]
[Round "1.54"]
[White "Xu, David"]
[Black "Talukdar, Rohan"]
[Result "1-0"]
[WhiteElo "1107"]
[BlackElo "2133"]
[PlyCount "78"]
[EventDate "2015.07.06"]
[EventType "swiss"]
[EventRounds "7"]
[EventCountry "CAN"]

1. Nf3 Nf6 2. d4 g6 3. g3 Bg7 4. Bg2 O-O 5. O-O d6 6. e3 Nbd7 7. Nbd2 e5 8. b3
Qe7 9. Bb2 e4 10. Ne1 d5 11. c4 c6 12. Nc2 Re8 13. Ba3 Qd8 14. cxd5 cxd5 15.
Rc1 Nf8 16. Bc5 Ne6 17. Ba3 Ng5 18. h4 Bg4 19. hxg5 Bxd1 20. gxf6 Bxc2 21. Be7
Qd7 22. Rxc2 Bf8 23. Rfc1 Rac8 24. Bc5 b6 25. Kh2 bxc5 26. Bh3 Qc6 27. Bxc8
Rxc8 28. dxc5 Qxf6 29. Kg2 a5 30. a3 Qc6 31. b4 a4 32. f3 exf3+ 33. Nxf3 Bg7
34. Nd4 Bxd4 35. exd4 Re8 36. b5 Qxb5 37. c6 Re2+ 38. Rxe2 Qxe2+ 39. Kg1 Qe3+
1-0

[Event "CYCC U12"]
[Site "Windsor CAN"]
[Date "2015.07.07"]
[Round "2.53"]
[White "Talukdar, Rohan"]
[Black "Sivapathasundaram, Manojh"]
[Result "1-0"]
[WhiteElo "2133"]
[BlackElo "1540"]
[PlyCount "55"]
[EventDate "2015.07.06"]
[EventType "swiss"]
[EventRounds "7"]
[EventCountry "CAN"]

1. e4 c5 2. Nc3 a6 3. f4 Nc6 4. Nf3 e6 5. g3 d6 6. Bg2 Nf6 7. O-O Be7 8. d3 O-O
9. Ne2 d5 10. e5 Nd7 11. d4 Qb6 12. c3 Qc7 13. Be3 Qb6 14. b3 f6 15. Qd2 Nd8
16. g4 Nf7 17. Ng3 Re8 18. Kh1 Nh6 19. h3 Nf7 20. Qf2 Qc7 21. Rae1 c4 22. b4 b5
23. f5 exf5 24. e6 f4 25. exf7+ Kxf7 26. Bxf4 Qxf4 27. Ne5+ fxe5 28. Bxd5+ 1-0

[Event "CYCC U12"]
[Site "Windsor CAN"]
[Date "2015.07.07"]
[Round "3.53"]
[White "Chung, Alec"]
[Black "Talukdar, Rohan"]
[Result "0-1"]
[WhiteElo "1741"]
[BlackElo "2133"]
[PlyCount "82"]
[EventDate "2015.07.06"]
[EventType "swiss"]
[EventRounds "7"]
[EventCountry "CAN"]

1. c4 Nf6 2. Nc3 g6 3. g3 Bg7 4. Bg2 O-O 5. e4 d6 6. Nge2 c5 7. d3 Nc6 8. h3 a6
9. Be3 Rb8 10. O-O b5 11. Qd2 Re8 12. Rac1 bxc4 13. dxc4 Ne5 14. b3 Bxh3 15. f4
Bxg2 16. Kxg2 Nc6 17. Rh1 Ng4 18. Rh4 h5 19. Rch1 e6 20. Nd1 d5 21. exd5 exd5
22. cxd5 Ne7 23. Rxg4 Nxd5 24. Bxc5 hxg4 25. Nf2 Ne3+ 26. Bxe3 Qxd2 27. Bxd2
Rxe2 28. Ba5 Bd4 29. Rf1 Rxa2 30. Bc7 Rxb3 31. Be5 Bxf2 32. Rxf2 Rxf2+ 33. Kxf2
f5 34. Bc7 Kf7 35. Ba5 Ke6 36. Bd2 Kd5 37. Be1 Ke4 38. Ke2 Rb2+ 39. Bd2 a5 40.
Kd1 Kd3 41. Bc1 Rb1 0-1

[Event "CYCC U12"]
[Site "Windsor CAN"]
[Date "2015.07.08"]
[Round "5.54"]
[White "Talukdar, Rohan"]
[Black "Ju, Lawrence"]
[Result "1-0"]
[WhiteElo "2133"]
[BlackElo "1772"]
[PlyCount "109"]
[EventDate "2015.07.06"]
[EventType "swiss"]
[EventRounds "7"]
[EventCountry "CAN"]

1. e4 c5 2. Nc3 Nc6 3. Bb5 Nd4 4. Bc4 g6 5. Nge2 Bg7 6. Nxd4 cxd4 7. Qf3 e6 8.
Nb5 Be5 9. a4 a6 10. Na3 Ne7 11. O-O O-O 12. d3 Bg7 13. Bd2 d6 14. b4 Bd7 15.
a5 Bc6 16. Bb3 d5 17. exd5 Bxd5 18. Bxd5 Qxd5 19. Qe2 Rac8 20. Nc4 Rc6 21. Rfe1
Nf5 22. Reb1 Nd6 23. Nb6 Qb5 24. Ra2 Re8 25. f4 Re7 26. Be1 Qf5 27. Bh4 Bf6 28.
Bxf6 Qxf6 29. Re1 Qxf4 30. Nd5 Qg5 31. Nxe7+ Qxe7 32. Qe5 Nb5 33. Rb2 Qc7 34.
Qxc7 Rxc7 35. Kf2 Rc6 36. Re5 f6 37. Rc5 Kf7 38. Rxc6 bxc6 39. Rb1 Na3 40. Rc1
Nb5 41. g4 h6 42. Ke2 Nc3+ 43. Kd2 e5 44. h4 Nd5 45. Rb1 Ne3 46. c4 f5 47. gxf5
gxf5 48. b5 axb5 49. cxb5 cxb5 50. a6 Nd5 51. a7 Nc7 52. Rxb5 Ke6 53. Rb7 Na8
54. Rb8 Nc7 55. Rc8 1-0

[Event "CYCC U12"]
[Site "Windsor CAN"]
[Date "2015.07.09"]
[Round "6.52"]
[White "Talukdar, Rohan"]
[Black "Guo, Thomas"]
[Result "0-1"]
[WhiteElo "2133"]
[BlackElo "1722"]
[PlyCount "162"]
[EventDate "2015.07.06"]
[EventType "swiss"]
[EventRounds "7"]
[EventCountry "CAN"]

1. e4 e6 2. d4 d5 3. Nc3 Bb4 4. exd5 exd5 5. Bd3 Nc6 6. a3 Bxc3+ 7. bxc3 Nge7
8. Qf3 Be6 9. Rb1 Rb8 10. Ne2 Qd7 11. h3 O-O 12. Ng3 Na5 13. O-O Ng6 14. Nh5 f5
15. Re1 c6 16. Nf4 Nxf4 17. Bxf4 Rbe8 18. Qg3 Nc4 19. Rb3 Na5 20. Rbb1 Nc4 21.
Ra1 Bf7 22. Reb1 Bg6 23. h4 Re6 24. a4 b6 25. Qg5 Qd8 26. Qg3 Qe7 27. Kf1 Re8
28. Kg1 Qf8 29. Kh2 Bh5 30. f3 Ne3 31. Re1 Rg6 32. Qh3 Rxg2+ 33. Kh1 Rf2 34.
Bxe3 Rxf3 35. Qg2 Rexe3 36. Rxe3 Rxe3 37. Rf1 f4 38. Qg5 Rh3+ 39. Kg2 Rg3+ 40.
Qxg3 fxg3 41. Rxf8+ Kxf8 42. Kxg3 h6 43. Kf4 Kf7 44. Ke5 Ke7 45. c4 dxc4 46.
Bxc4 Bg6 47. d5 cxd5 48. Bxd5 Bxc2 49. Bc6 Bd3 50. Kd4 Bf1 51. Ke5 a6 52. Bb7
Bc4 53. Kd4 Bb3 54. Bxa6 Bxa4 55. Bd3 g5 56. hxg5 hxg5 57. Ke5 g4 58. Kf4 Bd1
59. Kg3 Bf3 60. Bf5 b5 61. Bd3 b4 62. Bc4 Kd6 63. Kf4 Kc5 64. Be6 Kd4 65. Kg3
Kc3 66. Kf4 b3 67. Bxb3 Kxb3 68. Kg3 Kc3 69. Kf2 Kd3 70. Kg3 Ke3 71. Kh2 Bd1
72. Kg3 Ke4 73. Kh2 Kf3 74. Kg1 g3 75. Kf1 g2+ 76. Kg1 Bc2 77. Kh2 Kf2 78. Kh3
g1=Q 79. Kh4 Bf5 80. Kh5 Qg4+ 81. Kh6 Qg6# 0-1

[Event "CYCC U12"]
[Site "Windsor CAN"]
[Date "2015.07.09"]
[Round "7.54"]
[White "Li, Jack"]
[Black "Talukdar, Rohan"]
[Result "0-1"]
[WhiteElo "1526"]
[BlackElo "2133"]
[PlyCount "56"]
[EventDate "2015.07.06"]
[EventType "swiss"]
[EventRounds "7"]
[EventCountry "CAN"]

1. e4 c5 2. c3 Nf6 3. e5 Nd5 4. d4 cxd4 5. cxd4 Nc6 6. Nf3 d6 7. Bc4 e6 8. O-O
Be7 9. Bxd5 exd5 10. Be3 Bg4 11. exd6 Bxd6 12. h3 Bh5 13. Re1 O-O 14. Nbd2 Nb4
15. Qb3 Bg6 16. Rec1 a5 17. a4 Re8 18. Nf1 h6 19. Rc3 Qd7 20. Rac1 b5 21. axb5
a4 22. Qd1 Na2 23. N1h2 Nxc3 24. Rxc3 Qxb5 25. Qd2 Bb4 26. Ng4 Bxc3 27. Qxc3
Rec8 28. Qd2 Rc2 0-1